000 01850cam a2200265 4500
001 7428
005 20181127183621.0
008 970107s1997 enk b 001 0 eng
010 _a 97000569
020 _a0335195164 (pb)
020 _a0335195172 (hb)
082 0 0 _a378.2/4
_221
100 1 _aDelamont, Sara,
_d1947-
245 1 0 _aSupervising the PhD :
_ba guide to success /
_cSara Delamont, Paul Atkinson, and Odette Parry.
260 _aBuckingham [England] ;
_aBristol, PA :
_bSociety for Research into Higher Education :
_bOpen University Press,
_c1997.
300 _ax, 209 p. ;
_c24 cm.
504 _aIncludes bibliographical references (p. [195]-201) and index.
505 _aContents: A most persuasive piece of argument -- Caught and held by a cobweb: getting the student started -- The balance between tradition and progress: designing and planning a project -- Old manuscripts: the literature review -- Heavy and thankless task: overseeing the data collection -- Disagreeableness and danger: keeping up the student's motivation -- Contorted corkscrew: the getting and giving of judgement -- An emotional excitement: writing up the thesis -- A lack of genuine interest: choosing the right external and preparing the student for the examination -- The brave pretence at confidence: launching the student's career -- A rather unpromising consignment: selecting unsuccessful students and building a research culture -- Appendix: further reading -- References -- Index -- The society for research into higher education,.
_g
_r
_t
650 0 _aDoctor of philosophy degree
_zGreat Britain.
650 0 _aFaculty advisors
_zGreat Britain.
650 0 _aUniversities and colleges
_zGreat Britain
_xGraduate work.
700 1 _aAtkinson, Paul,
_d1947-
700 1 _aParry, Odette,
_d1954-
999 _c6347
_d6347